Competitiveness in the European Union: a trend to convergence?
Analýza vývoja zloženého ukazovateľa vývoja inovácií v krajinách EÚ 2000-2012. Klastrová analýza a konvergenčné metódy na identifikáciu konvergenčných/divergenčných tendencií vývoja konkurencieschopnosti medzi krajinami.
Enregistré dans:
| Auteur principal: | |
|---|---|
| Format: | Chapitre de livre |
| Langue: | anglais |
| Sujets: | |
| Tags: |
Pas de tags, Soyez le premier à ajouter un tag!
|
MARC
| LEADER | 00000naa a2200000 4500 | ||
|---|---|---|---|
| 001 | 0220198 | ||
| 005 | 20241024143752.3 | ||
| 041 | 0 | |a eng | |
| 044 | |a CZ | ||
| 245 | 1 | 0 | |a Competitiveness in the European Union: a trend to convergence? |c Pavlína Balcarová |
| 520 | |a Analýza vývoja zloženého ukazovateľa vývoja inovácií v krajinách EÚ 2000-2012. Klastrová analýza a konvergenčné metódy na identifikáciu konvergenčných/divergenčných tendencií vývoja konkurencieschopnosti medzi krajinami. | ||
| 610 | 2 | 0 | |a konvergencia |
| 610 | 2 | 0 | |a klaster |
| 610 | 2 | 0 | |a analýzy |
| 610 | 2 | 0 | |a Európska únia |
| 610 | 2 | 0 | |a homogenita štatistická |
| 610 | 2 | 0 | |a inovácia |
| 610 | 2 | 0 | |a konkurencieschopnosť |
| 610 | 2 | 0 | |a technológia |
| 100 | 1 | |a Balcarová, Pavlína | |